000 00899nam a22003017a 4500
001 BR9702855
003 BR-BrBNA
005 20230928095415.0
007 ta
008 230509b bl.||||| |||| 00| 0 por d
040 _aBR-BrBNA
_bpor
_cBiblioteca Nacional de Agricultura
041 _a(Por)
072 _aQ01; F01; F30
090 _ Q01 BR9702855
100 1 _aSilva, L.R.C. da
110 1 _aEscola Superior de Agricultura de Lavras, MG (Brasil)
111 1 _a1. Mostra de Trabalhos Cientificos da Pos-Graduacao da ESAL
245 1 _aAnais da 1. mostra de trabalhos cientificos da pos-graduacao da ESAL
260 3 _aLavras, MG (Brasil):
_c1988.
300 _a77 p.
500 _aSummary only
650 _aBromatologia
650 _aFitotecnia
650 _aMelhoramento Genetico Vegetal
650 _aNutricao Vegetal
909 _a202309
_bLucia
_c55
_dLucia Elande
942 _cBK
999 _c56384
_d56384